Uno, nessuno e centomila
Αποθηκεύτηκε σε:
| Κύριος συγγραφέας: | |
|---|---|
| Μορφή: | Βιβλίο |
| Γλώσσα: | Ιταλικά |
| Έκδοση: |
Verona
Arnoldo mondadori
1965
|
| Θέματα: | |
| Ετικέτες: |
Προσθήκη ετικέτας
Δεν υπάρχουν, Καταχωρήστε ετικέτα πρώτοι!
|
MARC
| LEADER | 00000nam a2200000 a 4500 | ||
|---|---|---|---|
| 001 | UCR7519 | ||
| 003 | CL-VaPUC | ||
| 008 | 980515e19650000IT |||||||||||||||||ita|d | ||
| 082 | 0 | 4 | |a 853 |b PIR |2 21 |
| 100 | 0 | |a Pirandello, Luigi |e author |9 338032 | |
| 245 | 1 | 0 | |a Uno, nessuno e centomila |
| 300 | |a 181 p | ||
| 942 | |c BK | ||
| 945 | |d 19980515 00:00:00 |a mvenant | ||
| 260 | |a Verona |b Arnoldo mondadori |c 1965 | ||
| 650 | 0 | |a Novela italiana |9 265740 | |
| 583 | |a last modification |c 19980515 00:00:00 |k Rodrigo Vera | ||
| 999 | |c 269120 |d 269118 | ||
| 952 | |0 0 |1 0 |4 0 |6 853_000000000000000_PIR_1965 |7 0 |8 A |9 302754 |a BIBART |b BIBART |d 2019-11-20 |i 342653K |o 853 PIR 1965 |p 342653K |r 2023-01-11 |w 2019-11-20 |y BK |k ART | ||